Southville International School and Colleges
Your cart is empty.
  • Cart
  • Lists
    Public lists Eva Luna New books Lux_list list_1
    Your lists Log in to create your own lists
  • Log in to your account
  • Your cookies
  • Search history
Southville International School and Colleges
  • Advanced search
  • Recent comments
  • Most popular
  • Libraries

Log in to your account

Log in with GOOGLE


If you do not have an external account, but do have a local account, you can still log in:

  1. Home
  2. MARC view: Simplified mathematics of investment /
Normal view MARC view ISBD view

Simplified mathematics of investment / (Record no. 291323)

[ view plain ]
MARC details
000 -LEADER
fixed length control field 00516nam a2200205Ia 4500
008 - FIXED-LENGTH DATA ELEMENTS--GENERAL INFORMATION
fixed length control field 160303s9999 xx 000 0 und d
020 ## - INTERNATIONAL STANDARD BOOK NUMBER
International Standard Book Number 971-8589-11-2
050 ## - LIBRARY OF CONGRESS CALL NUMBER
Classification number FIL HG 4515.3
050 ## - LIBRARY OF CONGRESS CALL NUMBER
Item number .F35 2000
100 ## - MAIN ENTRY--PERSONAL NAME
Personal name Fajardo, Max B., Jr.
245 ## - TITLE STATEMENT
Title Simplified mathematics of investment /
245 ## - TITLE STATEMENT
Statement of responsibility, etc Max B. Fajardo, Jr.
260 ## - PUBLICATION, DISTRIBUTION, ETC. (IMPRINT)
Place of publication, distribution, etc Manila :
260 ## - PUBLICATION, DISTRIBUTION, ETC. (IMPRINT)
Name of publisher, distributor, etc [s.n.] :
260 ## - PUBLICATION, DISTRIBUTION, ETC. (IMPRINT)
Date of publication, distribution, etc 2000
300 ## - PHYSICAL DESCRIPTION
Extent 374 pages :
300 ## - PHYSICAL DESCRIPTION
Other physical details illustrations ;
300 ## - PHYSICAL DESCRIPTION
Dimensions 22 cm.
650 ## - SUBJECT ADDED ENTRY--TOPICAL TERM
Topical term or geographic name as entry element Business mathematics.
Holdings
Withdrawn status Lost status Damaged status Home library Current library Shelving location Date acquired Total Checkouts Full call number Barcode Date last seen Price effective from Koha item type
      South Mansfield College South Mansfield College Filipiniana Section 01/12/2008   FIL HG 4515.3 .F35 2000 SMC04865 03/03/2016 03/03/2016  

Simplified mathematics of investment /

APA

Fajardo M. B. J., .Simplified mathematics of investment. Manila: .

Chicago

Fajardo Max B Jr, .Simplified mathematics of investment. Manila: .

Harvard

Fajardo M. B. J., .Simplified mathematics of investment. Manila: .

MLA

Fajardo Max B Jr, .Manila: . .

  • Place hold
  • Print
  • Cite
  • Add to your cart (remove)
  • Save record
    BIBTEX Dublin Core MARCXML MARC (non-Unicode/MARC-8) MARC (Unicode/UTF-8) MARC (Unicode/UTF-8, Standard) MODS (XML) RIS
  • More searches
    Search for this title in:
    Other Libraries (WorldCat) Other Databases (Google Scholar) Online Stores (Bookfinder.com) Open Library (openlibrary.org)

Exporting to Dublin Core...

SOUTHVILLE LIBRARY

Southville International School and Colleges Library

1281 Tropical Ave. Cor. Luxembourg St., BF Homes International, Las Pinas City

Tel. No. 8256374 / 252358 Loc. 117/146

Powered by Koha